| 000 | 00799nam a2200205Ia 4500 | ||
|---|---|---|---|
| 003 | GCL | ||
| 008 | 140319s9999 xx 000 0 ara d | ||
| 040 |
_aGCL / _cGCL |
||
| 082 | 0 | 4 |
_a250 _bع ا |
| 100 | 1 | _aعلى محمد البجاوى | |
| 245 | 1 | 0 |
_aاحكام القران / _cعلى محمد البجاوى |
| 700 | 1 | _aابن العربى : محيى الدين ابو بكر محمد بن على بن محمد بن احمد بن عبدالله الحاتمى الطائى الاندلسى | |
| 260 |
_aالقاهرة : _bدار المعارف ، _c1988 |
||
| 300 |
_a3 جزء ؛ _c24 سم |
||
| 650 | 0 | 4 | _aالاحكام الشرعية |
| 650 | 0 | 4 | _aالشريعة الاسلامية |
| 650 | 0 | 4 | _aالفقه الاسلامى |
| 650 | 0 | 4 | _aالقران - احكام |
| 942 |
_2ddc _cREF |
||
| 999 |
_c59265 _d59265 |
||